| 000 | 00940nam a2200265 a 4500 | ||
|---|---|---|---|
| 001 | 20349 | ||
| 003 | BD-RjUL | ||
| 005 | 20211209000544.0 | ||
| 008 | 140227s1961 enkf b 00100 eng d | ||
| 035 | _a(BD-RjUL)20411 | ||
| 040 |
_aANL _beng _cANL _dANL _dBD-RjUL |
||
| 041 | _aeng | ||
| 082 | 0 |
_a759.5 _220 _bFRP V-2 1961 |
|
| 100 | 1 |
_aFreedberg, S. J. _q(Sydney Joseph), _d1914- _962707 |
|
| 245 | 1 | 0 |
_aPainting of the High Renaissance in Rome and Florence / _cS.J. Freedberg. _nVolume 2 |
| 260 |
_aCambridge, Mass. : _bHarvard U.P., _c1961. |
||
| 300 |
_axxxiii, 514 : _bill. ; _c26 cm. |
||
| 504 | _aIncludes bibliographical references and index. | ||
| 650 | 0 |
_aPainting, Renaissance _zItaly _zRome. _962708 |
|
| 650 | 0 |
_aPainting, Renaissance _zItaly _zFlorence. _962709 |
|
| 650 | 0 |
_aPainting, Italian. _962710 |
|
| 650 | 0 |
_aArt, Renaissance _zItaly _zRome. _962711 |
|
| 650 | 0 |
_aArt, Renaissance _zItaly _zFlorence. _962712 |
|
| 942 |
_2ddc _cBK |
||
| 999 |
_c20349 _d20349 |
||